Najbardziej wartościowi szwajcarscy piłkarze w historii - Statystyki

Ogólne statystyki
  • Ten quiz został rozwiązany 46 razy
  • Średni wynik to 4 z 10
Statystyki odpowiedzi
Piłkarz Rok Wartość % Poprawnych
Xherdan Shaqiri 2018 25 mln €
82%
Granit Xhaka 2018 50 mln €
77%
Gregor Kobel 2023 40 mln €
51%
Manuel Akanji 2024 45 mln €
49%
Ricardo Rodríguez 2014 28 mln €
41%
Denis Zakaria 2019 45 mln €
18%
Remo Freuler 2020 25 mln €
13%
Dan Ndoye 2025 40 mln €
10%
Nico Elvedi 2019 35 mln €
10%
Ardon Jashari 2025 32 mln €
3%
Nie znaleziono quizów pasujących do podanych kryteriów
Rozkład punktacji
Procent ludzi z każdym wynikiem
Percentyl według liczby udzielonych odpowiedzi
Twoja historia wyników
Nie rozwiązałeś tego quizu